| 000 | 00555nam a2200217Ia 4500 | ||
|---|---|---|---|
| 003 | OSt | ||
| 005 | 20230424113149.0 | ||
| 008 | 210423s2019 xx 000 0 und d | ||
| 020 | _a978-93-5013-286-9 | ||
| 040 | _cAL | ||
| 041 | _aeng | ||
| 082 |
_a385.02 _223 _bLALU |
||
| 100 |
_aLAL;JAIN _991994 |
||
| 245 | _aUpkars Railway recruitment board | ||
| 260 |
_aAgra _bUpkar prakashan _c2019 |
||
| 300 |
_aviii,259 _bPB |
||
| 365 |
_b290 _cINR |
||
| 650 |
_aCommerce _991995 |
||
| 906 | _aboard ; Railway ; recruitment ; s ; Upkar | ||
| 942 |
_2ddc _cBK |
||
| 999 |
_c170108 _d170108 |
||